<The> Need for Changing the Paradigmat Competitive Intelligence

Competitive Intelligence ako organizácia činností založená na tzv. spravodajskom cykle. Návrh nového prístupu k vnímaniu Competitive Intelligence ako procesu. Competitive Intelligence ako podklad pre strategické rozhodovanie v podniku. Nevýhody Competitive Intelligence. Výhody chápania Competitive I...

Full description

Saved in:
Bibliographic Details
Main Author: Bartes, František
Format: Book Chapter
Language:Czech
Subjects:
Tags: Add Tag
No Tags, Be the first to tag this record!

MARC

LEADER 00000naa$a2200000$$$4500
001 0257105
005 20240425120452.3
041 0 |a cze 
044 |a SK 
245 1 0 |a <The> Need for Changing the Paradigmat Competitive Intelligence  |c František Bartes 
520 |a Competitive Intelligence ako organizácia činností založená na tzv. spravodajskom cykle. Návrh nového prístupu k vnímaniu Competitive Intelligence ako procesu. Competitive Intelligence ako podklad pre strategické rozhodovanie v podniku. Nevýhody Competitive Intelligence. Výhody chápania Competitive Intelligence ako procesu. Vymedzenie základných krokov v jednotlivých fázach spravodajského cyklu. 1. stupeň procesu Competitive Intelligence. 2. stupeň procesu Competitive Intelligence. Spravodajská analýza informácie. 
610 2 0 |a prostredie podnikateľské 
610 2 0 |a rozhodovanie strategické 
610 2 0 |a informácie strategické 
610 2 0 |a informácie 
610 2 0 |a manažment 
610 2 0 |a podnik 
610 2 0 |a proces informačný 
610 2 0 |a paradigma 
610 2 0 |a analýza dát 
610 2 0 |a competitive intelligence 
100 1 |a Bartes, František